000 00570nam a2200157 4500
001 116464
003 ES-MaACL
007 t|
008 061121n19001999sp r ||||1| spa d
100 1 _aPaul-Margueritte, Lucie.
_989639
245 1 3 _aEl camino más largo
_b: = (Le chemin des écolieres) : (novela) /
_cLucie Paul-Margueritte ; versión española de Germán Gómez de la Mata.
260 _aValencia :
_bPrometeo,
_c[19__?]
300 _a230 p., 1 lám. = retr. aut. ;
_c19 cm.
700 1 _aGómez de la Mata, Germán.
_957896
852 _aES-MaACL
_jC-9745
_bR.37216
999 _c116464
_d116464